| 000 | 00000nam##2200000za#4500 |
| 001 | 9.613971 |
| 003 | CaOODSP |
| 005 | 20220111083437 |
| 007 | ta |
| 008 | 150406|1997||||xxc||||| f|0| 0 eng|d |
| 020 | |a0-662-25985-8 |
| 022 | |a1713-0638 |
| 040 | |aCaOODSP|beng |
| 043 | |an-cn--- |
| 086 | 1 |aNE22-1/1997-10E |
| 110 | 1 |aCanada. |bNational Energy Board. |
| 245 | 10|aIn the matter of Westcoast Energy Inc. : |bapplication dated 6 November 1996, as amended on 20 May 1997, for tolls or methodologies for fixing tolls over the period 1 January 1997 to 31 December 2001 |
| 260 | |aCalgary - Alberta : |bNational Energy Board |cAugust, 1997. |
| 300 | |a28p. : |bfig., references ; |c28 cm. |
| 490 | 1 |aReasons for decision|x1713-0638 |
| 563 | |aSoftcover |
| 590 | |a97-36|b1997-09-05 |
| 775 | 08|tRelativement à Westcoast Energy Inc. : |w(CaOODSP)9.624465 |
| 776 | 0#|tReasons for decision in the matter of Westcoast Energy Inc. : |w(CaOODSP)9.572509 |
| 830 | #0|aReasons for decision (Canada. National Energy Board)|x1713-0638|w(CaOODSP)9.514808 |
| 986 | |aRH-2-97 Part I |